000 00484nam a22001817a 4500
999 _c523665
_d523665
003 NUST
038 _awaseem
082 _a297.63
_bNAD
100 _aNumani, Allama Sibli
_914439
245 _aSirat-Ul-Nabi /
_c Allama Sibli Numani
250 _a5th ed.
260 _aKarachi :
_bFazal-e-Rabi,
_c1985.
300 _a200 p. ;
500 _aHardcover.
880 _6100-02\r
_aعلامہ شبلی نعمانی
880 _6245-02\r
_aسیرت النبیﷺ /
942 _2ddc
_cBK